00373nam a2200145Ia 4500003000400000008004100004040001600045082001300061100001600074245004800090260004200138300001000180650001500190650002200205GCL140319s9999 xx 000 0 eng d aGCL / cGCL04a843bZ S1 aZOLA, EMILE10aSON ECELLENCE EVGENE ROUGON / cZOLA, EMILE a[S.N] : bLE LIVRE DE POCHE ، c1984 a391 P04aLITERATURE04aFRENCH LITERATURE